000 00401nam a2200169 a 4500
001 0000-8593
003 ELIB.Books
008 110520 1952
035 _a(ELIB.Books)0000-8739
082 _a240
_bDye
100 _aDye, Harold E.
245 _aThe Weaver
260 _bNashville: Broadman Press
_c1952
650 _aEthics
942 _2ddc
_cBK
998 _cbat
_e2011-05-20
999 _c8593
_d8593